000
00262nam a22001097a 4500
008
170118b xxu||||| |||| 00| 0 eng d
020
_a
9780323083768
041
_a
eng
080
_a
618.2
245
_a
CONCEPTS FOR NURSING PRACTICE
_c
GIDDENS, J.F
942
_2
udc
_c
BK
999
_c
3071
_d
3071